000 01815nam0a2200409 4500
001 RU\NLR\bibl\275475
005 20260406135401.0
010 _a5-7107-5370-X
_910000
021 _aRU
_b2002-4982
_9240
035 _a(NLR Aleph) 000270996
090 _a1584582
_c1584582
100 _a20020517d2002 |||y0rusy50 ca
101 0 _arus
102 _aRU
105 _ay |||||||||
200 1 _aПриродоведение
_e5 кл.
_e[Рабочая тетр. для учителя]
_fН.И. Сонин, Г.С. Калинова, Т.В. Иванова
205 _a2-е изд., стер.
210 _aМ.
_cДрофа
_d2002
215 _a133 с.
_d28
225 1 _aРабочая тетрадь для учителя
225 1 _aБиология
606 0 _aЕстествознание
_xМетодика преподавания
_xСредняя школа
_91227370
_3RU\NLR\auth\66500142
606 0 _aЕстествознание
_xПреподавание
_xСредняя школа
_91239141
_3RU\NLR\auth\66506078
610 0 _aПриродоведение - Метод. пособие
675 _a372.857
_v3
_zrus
686 _a14
_2rugasnti
686 _a74.262.8
_2rubbk
686 _aЧ426.44-215
700 1 _4070
_8rus
_7ca
_aСонин
_bН. И.
_gНиколай Иванович
_3RU\NLR\auth\7717172
_9262
701 1 _4070
_8rus
_7ca
_aКалинова
_bГ. С.
_gГалина Серафимовна
_3RU\NLR\auth\772636
_9112646
701 1 _4070
_8rus
_7ca
_aИванова
_bТ. В.
_cд-р пед. наук, методика биологии
_gТатьяна Владимировна
_3RU\NLR\auth\7736628
_919617
801 0 _aRU
_bRKP
_c20020517
_gPSBO
801 1 _aRU
_bRKP
_c20020517
801 2 _aRU
_bNLR
_c20060410
_grcr
942 _cBOOK
980 _aNB